书目信息 |
| 题名: |
文艺复兴时期名家素描
|
|
| 作者: | ;人民美术出版社 编 | |
| 分册: | 1 | |
| 出版信息: | 北京 人民美术出版社 1983 |
|
| 页数: | 32页 | |
| 开本: | 26cm | |
| 丛书名: | ||
| 单 册: | ||
| 中图分类: | J234 , J234(546) | |
| 科图分类: | ||
| 主题词: | 素描--意大利--中世纪--画册 , 绘画--世界 , 绘画--各国 | |
| 电子资源: | ||
| ISBN: | ||
| 000 | 00705nam0 2200253 45 | |
| 001 | 0179007481 | |
| 005 | 20060818170012.40 | |
| 010 | @dCNY0.45 | |
| 100 | @a19950721d1983 em y0chiy0121 ea | |
| 101 | 0 | @achi |
| 102 | @aCN@b110000 | |
| 105 | @aa z 000yy | |
| 200 | 10 | @a文艺复兴时期名家素描@Awen yi fu xing shi qi ming jia su miao@h1@f人民美术出版社编 |
| 210 | @a北京@c人民美术出版社@d1983 | |
| 215 | @a32页@d26cm | |
| 300 | @a外国美术介绍 | |
| 606 | @a素描@y意大利@z中世纪@x画册 | |
| 606 | 0 | @a绘画@x世界 |
| 606 | 0 | @a绘画@y各国 |
| 690 | @aJ234@v3 | |
| 690 | @aJ234(546)@v3 | |
| 711 | 02 | @a人民美术出版社@Aren min mei shu chu ban she@4编 |
| 801 | 0 | @aCN@bNLC@c20060818 |
| 905 | @dJ234@e26:1 | |
| 文艺复兴时期名家素描.1/人民美术出版社编.-北京:人民美术出版社,1983 |
| 32页;26cm |
| 外国美术介绍 |
| ISBN :CNY0.45 |
| ● |
| 相关链接 |
|
|
|
|
正题名:文艺复兴时期名家素描
索取号:J234/26:1
 
预约/预借
| 序号 | 登录号 | 条形码 | 馆藏地/架位号 | 状态 | 备注 |
| 1 | 0466653 | 204666539 | 密集书库/ [索取号:J234/26:1] | 在馆 |